| 000 | 01005nam a22003131i 4500 | ||
|---|---|---|---|
| 001 | 017028274 | ||
| 003 | Uk | ||
| 005 | 20161121100215.0 | ||
| 008 | 160728s 2015enka a fr 001|0|eng|d | ||
| 015 |
_aGBB6B1950 _2bnb |
||
| 016 | 7 |
_a017028274 _2Uk |
|
| 020 | _a9780273774303 (paperback) : | ||
| 020 | _a0273774301 (paperback) : | ||
| 040 |
_aStDuBDS _beng _cStDuBDS _dEG-ScBUE |
||
| 042 | _aukblsr | ||
| 082 | 0 | 4 |
_222 _a620.00151535 _bMOA |
| 100 | 1 | 0 |
_aMoaveni, Saeed, _eauthor. |
| 245 | 1 | 0 |
_aFinite element analysis : _btheory and application with ANSYS / _cSaeed Moaveni. |
| 250 | _a4th ed., global ed. | ||
| 260 |
_aEssex : _bPearson Education Limited, _c2015. |
||
| 300 |
_a928 p. : _bill. (black and white) ; _c23 cm. |
||
| 500 | _aIndex : p. 915-928. | ||
| 590 | _aWessam | ||
| 650 | 7 |
_aFinite element method _xData processing. _2BUEsh _918475 |
|
| 650 | 7 |
_aANSYS (Computer system). _2BUEsh _941680 |
|
| 651 | _2BUEsh | ||
| 653 |
_bENGGEN _cNovember2016 |
||
| 942 |
_2ddc _e22 _k620.00151535 MOA |
||
| 999 |
_c23217 _d23189 |
||